01074 a2200241 450000500170000000800410001702000180005804000600007604100080013610000330014424501850017724600390036226000740040130000180047565000430049365000500053665000460058670000370063270000400066970000370070970000390074671000470078520190204145915.0180412s2017 ck |||||r|||| 00| 0 spa d a9789587632422 aCO-BoUCMbspacSaul Niño (Modificó)dSandra Palacio0 aspa1 aGuevara Peña, Nora Liliana11a!Si me dieran lo de la reparación!bpersonas mayores víctimas del conflicto armado: reparación integral desde un enfoque diferencialcNora Liliana Guevara Peña ...[y otros] aSi me dieran lo de la reparación bCorporación Universitaria Minuto de DiosaBogotá (Colombia)c2017 a109 páginas17aAncianos xAspectos socialeszColombia27aConflicto armado xDerechos civileszColombia27aVíctimas del conflicto armadozColombia1 aMorals Alvarino, Milena Victoria1 aTrujillo García, Nohora Esperanza1 aRdríguez Acosta, Edna Virginia1 aSandoval Erazo, Myriam del Socorro1 aCorporación Universitaria Minuto de Dios